Роль английского языка в современном мире; Коммуникативные аспекты языка и культуры; Ч. 3

Bibliographische Detailangaben
Parent link:Коммуникативные аспекты языка и культуры: сборник материалов XII Международной научно-практической конференции студентов и молодых ученых, г. Томск, 16-18 мая 2012 г./ Национальный исследовательский Томский политехнический университет (ТПУ), Институт международного образования и языковой коммуникации (ИМОЯК) ; под ред. С. А. Песоцкой.— , 2012
Ч. 3.— 2012.— [С. 66-67]
1. Verfasser: Шагарова М. Д.
Körperschaft: Национальный исследовательский Томский политехнический университет (ТПУ) Институт кибернетики (ИК) Кафедра иностранных языков института кибернетики (ИЯИК)
Weitere Verfasser: Садковская С. Ю. (научный руководитель), Кудряшова А. В. Александра Владимировна
Zusammenfassung:Заглавие с титульного экрана
Sprache:Russisch
Veröffentlicht: 2012
Schriftenreihe:Истрия развития языка от древности к современности
Schlagworte:
Online-Zugang:http://www.lib.tpu.ru/fulltext/c/2012/C77/V3/018.pdf
Format: MixedMaterials Elektronisch Buchkapitel
KOHA link:https://koha.lib.tpu.ru/cgi-bin/koha/opac-detail.pl?biblionumber=608589

MARC

LEADER 00000naa2a2200000 4500
001 608589
005 20260407092410.0
035 |a (RuTPU)RU\TPU\conf\6023 
035 |a RU\TPU\conf\6018 
090 |a 608589 
100 |a 20141006d2012 k y0rusy50 ca 
101 0 |a rus 
102 |a RU 
135 |a drcn ---uucaa 
181 0 |a i  
182 0 |a b 
200 1 |a Роль английского языка в современном мире  |f М. Д. Шагарова, С. Ю. Садковская  |g науч. рук. А. В. Кудряшова 
203 |a Текст  |c электронный 
225 1 |a Истрия развития языка от древности к современности 
300 |a Заглавие с титульного экрана 
320 |a [Библиогр.: с. 67 (4 назв.)] 
337 |a Adobe Reader 
461 1 |0 (RuTPU)RU\TPU\conf\4597  |t Коммуникативные аспекты языка и культуры  |o сборник материалов XII Международной научно-практической конференции студентов и молодых ученых, г. Томск, 16-18 мая 2012 г.  |o в 3 ч.  |f Национальный исследовательский Томский политехнический университет (ТПУ), Институт международного образования и языковой коммуникации (ИМОЯК) ; под ред. С. А. Песоцкой  |d 2012 
463 0 |0 (RuTPU)RU\TPU\conf\4606  |t Ч. 3  |v [С. 66-67]  |d 2012 
610 1 |a труды учёных ТПУ 
610 1 |a электронный ресурс 
610 1 |a английский язык 
610 1 |a современный мир 
610 1 |a карьера 
610 1 |a зарубежные университеты 
610 1 |a история 
700 1 |a Шагарова  |b М. Д. 
701 1 |a Садковская  |b С. Ю. 
702 1 |a Кудряшова  |b А. В.  |c лингвист  |c старший преподаватель Томского политехнического университета  |f 1979-  |g Александра Владимировна  |4 727 
712 0 2 |a Национальный исследовательский Томский политехнический университет (ТПУ)  |b Институт кибернетики (ИК)  |b Кафедра иностранных языков института кибернетики (ИЯИК)  |3 (RuTPU)RU\TPU\col\18707 
801 2 |a RU  |b 63413507  |c 20141006  |g RCR 
856 4 |u http://www.lib.tpu.ru/fulltext/c/2012/C77/V3/018.pdf 
942 |c BK